LEADER 01516nam 2200337Ia 450 001 996395348403316 005 20200824125103.0 035 $a(CKB)4330000000318123 035 $a(EEBO)2240879328 035 $a(OCoLC)ocm52211730e 035 $a(OCoLC)52211730 035 $a(EXLCZ)994330000000318123 100 $a20030509d1653 uy 0 101 0 $aeng 135 $aurbn||||a|bb| 200 13$aAn exposition with practicall observations continued upon the eighteenth, nineteenth, twentieth and twenty-one chapters of the book of Job$b[electronic resource] $eBeing the summe of forty-two lectures, delivered at Magnus, near London Bridge. /$fBy Joseph Caryl, preacher of the Word, and pastour of the congregation there 210 $aLondon $cPrinted by Matthew Simmons, and are to be sould by Giles Calvert, at the Black Spread-Eagle at the West End of Pauls$d1653 215 $a[14], 841, [22] p 300 $aWith marginal notes. 300 $aIncludes index. 300 $aErrata leaf precedes text. 300 $aIn ms. on errata leaf: "John Jones his Booke. 1700." 300 $aReproduction of the original in the University of Texas, Austin Library. 330 $aeebo-0179 700 $aCaryl$b Joseph$f1602-1673.$01003625 801 0$bEAE 801 1$bEAE 906 $aBOOK 912 $a996395348403316 996 $aAn exposition with practicall observations continued upon the eighteenth, nineteenth, twentieth, and twenty-one chapters of the book of Job$92313148 997 $aUNISA